000 00565cam a2200205 4500500
005 20260405003027.0
041 _afre
042 _adc
100 1 0 _aDegiovanni, Clara
_eauthor
245 0 0 _aHabitude
260 _c2020.
500 _a24
690 _aBergson
690 _aHabitude
690 _aHume
690 _aMerleau-Ponty
690 _aRavaisson
786 0 _nPhilosophie magazine | 136 | 2 | 2020-02-01 | p. 38-38 | 1951-1787
856 4 1 _uhttps://shs.cairn.info/magazine-philosophie-magazine-2020-2-page-38?lang=fr&redirect-ssocas=7080
999 _c2063679
_d2063679